Conceptos de administración estratégica (Registro nro. 789)
[ vista simple ]
| 000 -LEADER | |
|---|---|
| fixed length control field | 01522 a2200253 4500 |
| 001 - CONTROL NUMBER | |
| control field | 21240 |
| 005 - DATE AND TIME OF LATEST TRANSACTION | |
| control field | 20260407155503.0 |
| 008 - FIXED-LENGTH DATA ELEMENTS--GENERAL INFORMATION | |
| fixed length control field | 260407a2013 arg spa d |
| 003 - CONTROL NUMBER IDENTIFIER | |
| control field | AR-UNSa-BCEJYS |
| 040 ## - CATALOGING SOURCE | |
| Original cataloging agency | AR-UNSa-BCEJYS |
| Language of cataloging | spa |
| Transcribing agency | AR-UNSa-BCEJYS |
| 080 ## - UNIVERSAL DECIMAL CLASSIFICATION NUMBER | |
| Universal Decimal Classification number | 658.012.2 |
| Common auxiliary subdivision | Planificación. Programas. Planes. Medidas de apoyo a la planificación( Administración estratégica...) |
| 020 ## - INTERNATIONAL STANDARD BOOK NUMBER | |
| International Standard Book Number | 978-607-32-1576-3 |
| 100 1# - MAIN ENTRY--PERSONAL NAME | |
| Personal name | David, Fred R. |
| 245 10 - TITLE STATEMENT | |
| Title | Conceptos de administración estratégica |
| 250 ## - EDITION STATEMENT | |
| Edition statement | 14a. ed. |
| 264 #1 - PRODUCTION, PUBLICATION, DISTRIBUTION, MANUFACTURE, AND COPYRIGHT NOTICE | |
| Place of production, publication, distribution, manufacture | México : |
| Name of producer, publisher, distributor, manufacturer | Pearson Educación |
| Date of production, publication, distribution, manufacture, or copyright notice | 2013 |
| 300 ## - PHYSICAL DESCRIPTION | |
| Extent | xiv, 386 p. |
| Dimensions | 27 cm. |
| 505 ## - FORMATTED CONTENTS NOTE | |
| Formatted contents note | 1. Naturaleza de la administración estratégica - 2. La visión y la misión de la empresa - 3. Evaluación externa - 4. Evaluación interna - 5. Estrategias en acción - 6. Análisis y elección de la estrategia - 7. Implementación de estrategias. Temas de administración y operaciones - 8. Implementación de estrategias. Temas de marketing, finanzas/contabilidad, investigación y desarrollo y sistema de información gerencial - 9. Revisión, evaluación y control de estrategias - 10. Etica de negocios, responsabilidad social y sostenibilidad ambiental - 11. Temas globales/internacionales |
| 590 ## - LOCAL NOTE (RLIN) | |
| Local note | niveau_biblio:m niveau_hierar:0 |
| 700 1# - ADDED ENTRY--PERSONAL NAME | |
| Personal name | Ramírez, Verónica del Carmen Alba |
| 700 1# - ADDED ENTRY--PERSONAL NAME | |
| Personal name | Jasso Hernán d`Borneville, Erika Montserrat |
| 856 41 - ELECTRONIC LOCATION AND ACCESS | |
| Uniform Resource Identifier | <a href="https://biblioeco.unsa.edu.ar/pmb/images/libros/Administraci?n Estrat?gica 2.jpg">https://biblioeco.unsa.edu.ar/pmb/images/libros/Administraci?n Estrat?gica 2.jpg</a> |
| Link text | Imagen de portada |
| Electronic format type | image/jpeg |
| 942 ## - ADDED ENTRY ELEMENTS (KOHA) | |
| Koha item type | |
| Withdrawn status | Lost status | Damaged status | Not for loan | Home library | Current library | Shelving location | Date acquired | Total checkouts | Full call number | Barcode | Date last seen | Price effective from | Koha item type | Public note |
|---|---|---|---|---|---|---|---|---|---|---|---|---|---|---|
| Biblioteca Prof. Eusebio Cleto del Rey | Biblioteca Prof. Eusebio Cleto del Rey | 07/04/2026 | 658.012.2 D249 14ed. | L119287 | 07/04/2026 | 07/04/2026 | Libro | |||||||
| Biblioteca Prof. Eusebio Cleto del Rey | Biblioteca Prof. Eusebio Cleto del Rey | 07/04/2026 | 658.012.2 D249 14ed. | L119288 | 07/04/2026 | 07/04/2026 | Libro | HOJAS ESCRITAS - TAPA MANCHADA C/ ROJO | ||||||
| Biblioteca Prof. Eusebio Cleto del Rey | Biblioteca Prof. Eusebio Cleto del Rey | 07/04/2026 | 658.012.2 D249 14ed. | L119648 | 07/04/2026 | 07/04/2026 | Libro | |||||||
| Biblioteca Prof. Eusebio Cleto del Rey | Biblioteca Prof. Eusebio Cleto del Rey | 07/04/2026 | 658.012.2 D249 14ed. | L119649 | 07/04/2026 | 07/04/2026 | Libro | MANCHADO PÁG. 47 - LÁPIZ LEVE - ESQUINA DE LIBRO UN POCO DOBLADA |